000 01292nam0a22002531 4500
001 rc\3374488
005 20260406185755.0
035 _a(NLR Aleph) 007449081
090 _a7196849
_c7196849
100 _a20130115a19739999|||y0rusy50 ca
101 0 _arus
102 _aRU
105 _ay d |||||
200 1 _aРеферативный сборник
_fАкад. обществ. наук при ЦК КПСС. Кафедра междунар. ком. и рабочего движения. Группа науч. информации АОН при ЦК КПСС
210 _aМосква
_cБ. и.
_d1973-
309 _aОтпеч. множит. аппаратом
333 _aДля служебного пользования
710 0 2 _aАкадемия общественных наук
_cМосква
_bКафедра международного коммунистического и рабочего движения
_3RU\NLR\AUTH\889951492
_9398940
801 0 _aRU
_bNLR
_gpsbo
801 1 _aRU
_bELAR
_2rusmarc
830 _aПеречень имеющихся в библиотеке томов, номеров, годов этого издания смотри в каталоге периодических изданий
852 _aNLR
_jП22/4003
942 _cBOOK
980 _aNB